000 00556cam a2200205ua 4500
001 10263
008 171128n ii |||gr||||Z||||||eng
020 _a9789327240658
040 _cMAIN
082 _a658
100 _aSarkar, S.S.,
_eAuthor.
245 _aBusiness studies :
_b class XII /
_cBy S.S. Sarkar and ohers .
250 _a6th rev. ed.
260 _aLudhiana:
_bKalyani publishers,
_c2015.
300 _a379+2 p.
653 _aGeneral management
700 _aSharma, R.K.,
_eAuthor.
700 _aGupta, Shashi K.,
_eAuthor.
942 _cBK
999 _c9259
_d9259